Mikrobiálna príprava bioaróm
Enregistré dans:
| Auteur principal: | |
|---|---|
| Autres auteurs: | |
| Format: | Manuscrit Livre |
| Langue: | slovaque |
| Sujets: | |
| Accès en ligne: | http://is.stuba.sk/zp/portal_zp.pl?podrobnosti=103285 |
| Tags: |
Pas de tags, Soyez le premier à ajouter un tag!
|
MARC
| LEADER | 00000ntm a22000003a 4500 | ||
|---|---|---|---|
| 001 | stuzp47297 | ||
| 003 | SK-STU | ||
| 005 | 20160229160127.3 | ||
| 007 | ta | ||
| 008 | 150427s2015----xo-----f-mn---000-0-slo-d | ||
| 040 | |a STU |b slo | ||
| 041 | 0 | |a slo | |
| 100 | 1 | |a Slezáková, Ivana |u 044310 |4 aut |U FCHPT Ústav biotechnológie a potravinárstva |T FCHPT Oddelenie biochemickej technológie |X 69423 |U C4310 |Y 116 |7 69423 | |
| 242 | 0 | 1 | |a Microbial Bioaroma Production |y eng |
| 245 | 1 | 0 | |a Mikrobiálna príprava bioaróm |
| 650 | 4 | |a Gluconobacter oxydans |2 slo | |
| 650 | 4 | |a kyselina 2-fenyloctová |2 slo | |
| 650 | 4 | |a ADH |2 slo | |
| 650 | 4 | |a bioarómy |2 slo | |
| 650 | 4 | |a ALDH |2 slo | |
| 650 | 4 | |a bioaromas |2 eng | |
| 650 | 4 | |a Gluconobacter oxydans |2 eng | |
| 650 | 4 | |a 2-phenylacetic acid |2 eng | |
| 650 | 4 | |a ADH |2 eng | |
| 650 | 4 | |a ALDH |2 eng | |
| 700 | 1 | |a Rebroš, Martin, |d 1979- |4 ths |X 4015 |7 A000004015 | |
| 856 | 4 | |u http://is.stuba.sk/zp/portal_zp.pl?podrobnosti=103285 | |
| SQL | |a stuzp47297 |b DDP |c SLO |d Mikrobiálna príprava bioaróm |e 69423 |f Slezáková, Ivana |g 044310 |h 4015 |i Rebroš, Martin |j 20140609 |k 560 |l 04 |m http://is.stuba.sk/zp/portal_zp.pl?podrobnosti=103285 | ||